| 000 | 01289nam a2200229 u 4500 | ||
|---|---|---|---|
| 005 | 20240913064014.0 | ||
| 008 | 160205s2012 mx r 000 0 spa d | ||
| 020 | _a9786074271652 | ||
| 035 | _aUPN01000207860 | ||
| 049 | _aCE | ||
| 050 | 4 |
_aF1232 M6 _bD6.2 |
|
| 245 | 1 | 0 |
_aDocumentos del Congreso de Chilpancingo, hallados entre los papeles del caudillo José María Morelos, sorprendido por los realistas en la acción de Tlacotepec el 24 de Febrero de 1814 / _cestudio histórico y paleografía preparados por Ernesto Lemoine. |
| 260 |
_aMéxico : _bSEGOB : _bDiario Oficial de la Federación, _c2012. |
||
| 300 | _a2 v. | ||
| 440 | 0 | _aMuseo de historia mexicana | |
| 501 | _aPublicado con: Constitución, actas y otros documentos de la Junta Revolucionaria de Chilpancingo en la Nueva España hallados entre los papeles sorprendidos al cabecilla Morelos en la acción de Tlacotepec | ||
| 600 | 1 | 0 |
_aMorelos, José María, _d1765-1815 _945128 |
| 651 | 4 |
_aMEXICO - _xHISTORIA - _yGUERRA DE INDEPENDENCIA, 1810-1821 - _vFUENTES _923044 |
|
| 740 | 0 | _aConstitución, actas y otros documentos de la Junta Revolucionaria de Chilpancingo en la Nueva España hallados entre los papeles sorprendidos al cabecilla Morelos en la acción de Tlacotepec | |
| 905 | _aLibro | ||
| 999 |
_c179961 _d179961 |
||